Il Nuovo Testamento commentato. Ed.It. del Regensburger NeuesTestament. diretto da A. Wikenhauser e Otto Kuss. a cura di Giovanni Rinaldi . 11voll. (Record n. 436)
[ formato base ]
| 000 -LEADER | |
|---|---|
| fixed length control field | 00666nam a2200181Ia 4500 |
| 003 - CONTROL NUMBER IDENTIFIER | |
| control field | IT-RoPAU |
| 008 - FIXED-LENGTH DATA ELEMENTS--GENERAL INFORMATION | |
| fixed length control field | 120407s9999 xx 000 0 und d |
| 040 ## - CATALOGING SOURCE | |
| Original cataloging agency | IT-RoPAU |
| 040 ## - CATALOGING SOURCE | |
| Transcribing agency | IT-RoPAU |
| 041 ## - LANGUAGE CODE | |
| Language code of text/sound track or separate title | ita |
| 100 ## - MAIN ENTRY--PERSONAL NAME | |
| Personal name | Giovanni Rinaldi |
| 245 ## - TITLE STATEMENT | |
| Title | Il Nuovo Testamento commentato. Ed.It. del Regensburger NeuesTestament. diretto da A. Wikenhauser e Otto Kuss. a cura di Giovanni Rinaldi . 11voll. |
| 300 ## - PHYSICAL DESCRIPTION | |
| Dimensions | cm |
| 490 ## - SERIES STATEMENT | |
| Volume/sequential designation | 1 |
| 600 ## - SUBJECT ADDED ENTRY--PERSONAL NAME | |
| Personal name | "1. L’Evangelo secondo Matteo. 2. L’Evangelo secondo Marco. 3. L’Evangelo secondo Luca. 4. L’Evangelo secondo Giovanni. 5 Atti degli Apostoli. 6,1. Lettera ai Romani I(1) " |
| 942 ## - ADDED ENTRY ELEMENTS (KOHA) | |
| Koha item type | LIBRO |
| Withdrawn status | Lost status | Source of classification or shelving scheme | Damaged status | Not for loan | Home library | Current library | Date acquired | Total Checkouts | Full call number | Date last seen | Price effective from | Koha item type | Public note |
|---|---|---|---|---|---|---|---|---|---|---|---|---|---|
| Dewey Decimal Classification | Buone Condizioni | Not For Loan | PAULUS-BIBLIOTECA | PAULUS-BIBLIOTECA | 11/04/2012 | 220.46 | 11/04/2012 | 11/04/2012 | LIBRO | Inserito da: In data: n.d. fondo: Via A.Severo 56 Progr:13576 |